00358nam a2200133Ia 4500008004100000020001800041041001200059082002100071100002000092245004000112260002700152300000800179650003700187231221s9999 xx 000 0 und d a81-7611-290-9 aEnglish a910.41 NIH;1 R aNihalani, Meeta 0aManagement of international tourism c2005bRBSA PubaJaipur a254 aManagement,international,tourism